000 00457nam a2200181Ia 4500
001 9151
005 20260306160702.0
008 260306t2012||||xx |||||||||||||| ||spa||
041 _aESP
082 _a373.1
_bG337
100 _aGrupo Iniciativa Atenea
_eAUT
245 0 _aGestión del aula de secundaria:
_baportaciones didácticas
260 _c2012
300 _a189 páginas :
_c24 cm.
650 _aGEN
654 _aCED
942 _cLIB
_dJUS
_fJUS
_2ddc
_n
999 _c9151
_d9151